|
|
|
|
| LEADER |
00719nam a22001817a 4500 |
| 082 |
|
|
|a 894
|b GOV/G
|
| 100 |
|
|
|a ഉള്ളാട്ടില് ഗോവിന്ദ൯കുട്ടിനായ൪;
|9 297296
|
| 100 |
|
|
|a Ullattil Givindankutty Nair
|9 68046
|
| 240 |
|
|
|a Ghandapatham
|
| 245 |
|
|
|a ഘണ്ഡപഥം
|
| 250 |
|
|
|a 2nd
|
| 260 |
|
|
|a Calicut;
|b P K Brothers;
|c 1968
|
| 300 |
|
|
|a 132p.
|
| 650 |
|
|
|a മലയാളം; സാഹിത്യ പഠനം
|9 297297
|
| 650 |
|
|
|a Malayalam; Literary Studies
|9 297298
|
| 942 |
|
|
|c BK
|
| 999 |
|
|
|c 44839
|d 44839
|
| 952 |
|
|
|0 0
|1 0
|4 0
|6 894_000000000000000_GOV_G
|7 0
|8 LITTSTUD
|9 51979
|a MAL
|b MAL
|d 2015-11-16
|e 37309
|g 1.50
|l 0
|o 894 GOV/G
|p MAL037309
|r 2015-11-16
|t 1
|w 2015-11-16
|y BK
|